Países em Hexágonos do Mapa do Mundo - Statistics

Estatísticas Gerais
  • Esse quiz foi jogado 45 061 vezes
  • A pontuação média é 123 de 144
Respostas no mapa
Respostas codificadas por cores de uma escala verde-vermelha no mapa do quiz de acordo com a % correta abaixo.
 
Estatísticas das Respostas
Países % Correto
Argentina | Bolívia | Brasil | Chile | Paraguai | Peru
99%
Argentina | Brasil | Paraguai | Uruguai
99%
Bolívia | Brasil
99%
Bolívia | Brasil | Colômbia | Peru
99%
Brasil
99%
Brasil | Colômbia | Guiana | Peru | Suriname | Trinidad e Tobago | Venezuela
99%
Brasil | França | Suriname
99%
Antígua e Barbuda | Bahamas | Barbados | Colômbia | Cuba | Dominica | Estados Unidos | França | Granada | Haiti | Jamaica | Países Baixos | República Dominicana | Santa Lúcia | São Cristóvão e Nevis | São Vicente e Granadinas | Trinidad e Tobago | Venezuela
98%
Bahamas | Belize | Cuba | Estados Unidos | Guatemala | Jamaica | México
98%
Canadá | Estados Unidos
98%
Estados Unidos | México
98%
Afeganistão | Armênia | Azerbaijão | Cazaquistão | Geórgia | Irão | Iraque | Rússia | Turquemenistão | Turquia | Uzbequistão
97%
Alemanha | Áustria | Bielorrússia | Bósnia e Herzegovina | Croácia | Eslováquia | Eslovénia | Hungria | Itália | Letónia | Lituânia | Moldávia | Polônia | República Checa | Romênia | Rússia | Sérvia | Suécia | Ucrânia
97%
Armênia | Azerbaijão | Bulgária | Geórgia | Irão | Moldávia | Romênia | Rússia | Turquia | Ucrânia
97%
Bielorrússia | Estônia | Finlândia | Letónia | Rússia | Ucrânia
97%
Canadá | Dinamarca
97%
Cazaquistão | China | Mongólia | Rússia
97%
China | Coreia do Norte | Coreia do Sul | Japão | Rússia
97%
China | Japão | Rússia
97%
China | Mongólia | Rússia
97%
Estônia | Finlândia | Letónia | Noruega | Rússia | Suécia
97%
Finlândia | Noruega | Rússia
97%
Argentina | Chile | Reino Unido
96%
Belize | Colômbia | Costa Rica | El Salvador | Guatemala | Honduras | México | Nicarágua | Panamá | Venezuela
96%
Canadá
96%
Cazaquistão | Rússia
96%
Cazaquistão | Rússia | Uzbequistão
96%
Mongólia | Rússia
96%
Rússia
96%
Afeganistão | China | Índia | Irão | Nepal | Paquistão | Tajiquistão | Turquemenistão | Uzbequistão
95%
Argentina | Chile | Uruguai
95%
Bangladesh | Birmânia | Butão | China | Índia | Nepal
95%
Estados Unidos
95%
Alemanha | Andorra | Áustria | Bélgica | Espanha | França | Itália | Liechtenstein | Luxemburgo | Mônaco | Reino Unido | San Marino | Suíça | Vaticano
94%
Guatemala | México
94%
Afeganistão | Cazaquistão | China | Quirguistão | Tajiquistão | Turquemenistão | Uzbequistão
93%
África do Sul | Botswana | Essuatíni | Madagáscar | Malawi | Moçambique | Zimbábue
93%
Austrália | Indonésia | Papua Nova Guiné
93%
Austrália | Indonésia | Timor-Leste
93%
Austrália | Nova Zelândia
93%
Birmânia | Camboja | China | Laos | Tailândia | Vietname
93%
China | Mongólia
93%
Alemanha | Bélgica | Dinamarca | Noruega | Países Baixos | Reino Unido | Suécia
92%
Austrália
92%
Birmânia | China
92%
China | Filipinas | Taiwan
92%
Colômbia | Equador | Peru
92%
Albânia | Bósnia e Herzegovina | Bulgária | Croácia | Egito | Grécia | Itália | Kosovo | Líbia | Macedónia do Norte | Malta | Montenegro | Romênia | Sérvia | Tunísia | Turquia
91%
Argélia | Chade | Egito | Líbia | Níger | Sudão
91%
África do Sul | Botswana | Lesoto | Namíbia
90%
Arábia Saudita | Chipre | Egito | Irão | Iraque | Israel | Jordânia | Kuweit | Líbano | Síria | Turquia
90%
Arábia Saudita | Djibouti | Egito | Eritreia | Etiópia | Iémen | Somália | Sudão | Sudão do Sul
90%
Birmânia | Índia | Indonésia | Sri Lanka | Tailândia
90%
Espanha | Marrocos | Portugal
90%
Argélia | Espanha | Líbia | Marrocos | Tunísia
89%
Argélia | Espanha | Mali | Marrocos | Mauritânia
89%
Índia | Maldivas | Sri Lanka
88%
Índia | Paquistão
88%
Camarões | Chade | Níger | Nigéria | República Centro-Africana | República Democrática do Congo | Sudão | Sudão do Sul
86%
França | Madagáscar | Maurícia
86%
Angola | Burundi | Camarões | Gabão | República Centro-Africana | República Democrática do Congo | República do Congo | Ruanda | Tanzânia | Uganda
85%
Comores | França | Malawi | Moçambique | Quênia | República Democrática do Congo | Tanzânia | Zâmbia
85%
Dinamarca | Islândia
85%
Angola | Botswana | Moçambique | Namíbia | República Democrática do Congo | Zâmbia | Zimbábue
84%
Etiópia | Quênia | República Democrática do Congo | Somália | Sudão | Sudão do Sul | Tanzânia | Uganda
83%
Afeganistão | Arábia Saudita | Bahrein | Catar | Emirados Árabes Unidos | Iémen | Irão | Kuweit | Omã | Paquistão
82%
Argélia | Benim | Burkina Faso | Gana | Mali | Mauritânia | Níger | Nigéria | Togo
81%
Dinamarca
79%
Peru
79%
Burkina Faso | Cabo Verde | Costa do Marfim | Gâmbia | Guiné | Guiné-Bissau | Libéria | Mali | Mauritânia | Senegal | Serra Leoa
78%
Brunei | Camboja | Indonésia | Malásia | Singapura | Tailândia | Vietname
77%
Irlanda | Reino Unido
76%
Benim | Burkina Faso | Camarões | Costa do Marfim | Gabão | Gana | Guiné Equatorial | Libéria | Nigéria | São Tomé e Príncipe | Togo
75%
Estados Federados da Micronésia | Indonésia | Palau
73%
Indonésia | Timor-Leste
70%
Japão
70%
Etiópia | Iémen | Omã | Somália
69%
Indonésia
69%
Nova Zelândia
68%
Fiji | França | Tonga | Vanuatu
67%
Chile
62%
Filipinas | Malásia | Palau
61%
França | Ilhas Salomão | Vanuatu
59%
Fiji | Ilhas Salomão | Kiribati | Tuvalu | Vanuatu
58%
Estados Federados da Micronésia | Ilhas Salomão | Nauru | Papua Nova Guiné
54%
Portugal
50%
Cabo Verde
46%
Estados Federados da Micronésia | Ilhas Marshall
46%
Angola
44%
Ilhas Marshall | Kiribati
44%
Kiribati
35%
Samoa | Tonga
30%
Seychelles
30%
Ilhas Marshall
25%
Nenhum quiz correspondente encontrado
Distribuição das Pontuações
Porcentagem de Pessoas com Cada Pontuação
Percentil de Números Respondidos
Sua Pontuação Histórica
Você não jogou esse quiz